000
00259nam a2200109Ia 4500
008
170627s9999 xx 000 0 und d
100
_a
CHATURVEDI- P.D.
245
0
_a
BUSINESS COMMUNICATION
260
_b
PEARSON
260
_c
2005
546
_a
ENGLISH
690
_a
TECHNICAL COMUNICATION
999
_c
35387
_d
35387